Normal view
MARC view
Entry Personal Name
001 - CONTROL NUMBER
- control field: 15994
003 - CONTROL NUMBER IDENTIFIER
- control field: ARRUPE
005 - DATE AND TIME OF LATEST TRANSACTION
- control field: 20150309140735.0
008 - FIXED-LENGTH DATA ELEMENTS
- fixed length control field: 150309|| aca||aabn | a|a d
040 ## - CATALOGING SOURCE
- Original cataloging agency: ARRUPE
- Transcribing agency: ARRUPE
100 ## - HEADING--PERSONAL NAME
- Personal name: Burnshaw, Stanley,
- Dates associated with a name: 1906-2005.
670 ## - SOURCE DATA FOUND
- Source citation: Work cat.: (ARRUPE)0: Burnshaw, Stanley, 1906-2005., The seamless web;, [1970]